000
00291nam a22001217a 4500
020
_a
0071195238
082
_a
658.404
245
_a
PROJECT MANAGEMENT THE MANAGERIAL PROCESS 2/E
260
_a
New York:
_b
McGraw-Hill;
_c
2003.
300
_a
572 p:,
_b
26 cm.
500
_a
Hardcover.
942
_c
BK
999
_c
31669
_d
31669